Tutti i Paesi Moderni Controllati dall'Austria-Ungheria - Statistics

Statistiche generali
  • Questo quiz è stato fatto 119 volte
  • Il punteggio medio è 13 su 13
Risposte nella Mappa
Le risposte nella mappa del quiz sottostante sono codificate secondo una scala di colori dal rosso al verde in base alla % di persone che hanno risposto correttamente.
 
Statistiche sulle risposte
Paesi % Corretto
Croazia
99%
Ungheria
99%
Austria
98%
Slovenia
98%
Cechia
97%
Italia
97%
Slovacchia
97%
Bosnia ed Erzegovina
95%
Montenegro
95%
Romania
95%
Polonia
94%
Serbia
93%
Ucraina
93%
Nessun quiz corrispondente trovato
Distribuzione punteggi
Percentuale di utenti per punteggio
Percentile per numero di risposta
I tuoi punteggi nel tempo
Non hai fatto questo quiz